Prečo prezentovať služby dátových centier?
Pojem, obsah a formy služieb dátových centier. Osem kritických faktorov ovplyvňujúcich dátové centrá. Štruktúra zriaďovacích nákladov Dátového centra. Ako si vybrať Dátové centrum v Bratislave. Kĺúče k úspešnému outsourcingu DC služieb.
Enregistré dans:
| Auteur principal: | |
|---|---|
| Format: | Chapitre de livre |
| Langue: | slovaque |
| Sujets: | |
| Tags: |
Pas de tags, Soyez le premier à ajouter un tag!
|
MARC
| LEADER | 00000naa a2200000 4500 | ||
|---|---|---|---|
| 001 | 0122127 | ||
| 005 | 20230929121225.1 | ||
| 041 | 0 | |a slo | |
| 044 | |a SK | ||
| 245 | 1 | 0 | |a Prečo prezentovať služby dátových centier? |c Oto Malý |
| 520 | |a Pojem, obsah a formy služieb dátových centier. Osem kritických faktorov ovplyvňujúcich dátové centrá. Štruktúra zriaďovacích nákladov Dátového centra. Ako si vybrať Dátové centrum v Bratislave. Kĺúče k úspešnému outsourcingu DC služieb. | ||
| 610 | 2 | 0 | |a dolovanie dát |
| 610 | 2 | 0 | |a riadenie projektové |
| 610 | 2 | 0 | |a systémy informačné |
| 610 | 2 | 0 | |a technológie informačné |
| 610 | 2 | 0 | |a technológie komunikačné |
| 610 | 2 | 0 | |a zber dát |
| 610 | 2 | 0 | |a outsourcing |
| 610 | 2 | 0 | |a manažment informačný |
| 610 | 2 | 0 | |a služby informačné |
| 100 | 1 | |a Malý, Oto | |